| 000 | 00960cam a2200229 4500 | ||
|---|---|---|---|
| 001 | Wb3733-19 | ||
| 008 | 010906n2001 000 0 eng u | ||
| 035 | _a(Sirsi) u114467 | ||
| 245 | _aPlanning decision opens floodgates | ||
| 260 | _c2001 | ||
| 490 |
_aRetail Week _v 31 August 2001, 21(1) |
||
| 520 | _aA landmark planning decision for Denvale Trade Parks, the joint venture between property investor Denvale and Mowlem, gives them blanket planning consent for all of its trade parks, allowing up to 25% of the floorspace to be used for 'ancillary retail' The landmark decision will pave the way for specialist trade parks to emerge as a new hybrid form of retail. | ||
| 590 | _aWB | ||
| 650 | _aTRADE PARKS | ||
| 650 | _aPLANNING CONSENT | ||
| 650 | _aFLOORSPACE | ||
| 650 | _aANCILLARY USE | ||
| 650 | _aRETAIL PARKS | ||
| 650 | _aINDUSTRIAL ESTATES | ||
| 690 | _aENVIRONMENTAL AND LAND CONSULTANCY-PLANNING AND DEVELOPMENT | ||
| 942 | _n0 | ||
| 999 |
_c68186 _d68186 |
||